000 00370nam a2200145Ia 4500
008 191201s2008 xx 000 0 und d
082 _a519.2
_bPOP
100 _aPAPOULIS, Athanasios
245 0 _aProbability, Random Variables, and Stochastic Processes
250 _aRep.
260 _aN.Delhi
_bTMH
_c2008
300 _a852
650 _aB.Tech(ECE)
942 _2ddc
_cBK
999 _c3551
_d3551